000 00416nam a2200157Ia 4500
005 20250326134455.0
008 231217s9999 xx 000 0 und d
020 _a9788131413227
082 _a346.048 VEE;1 R
100 _aVeena ed.
245 0 _aIntellectual property : legal framework
260 _c2007
_bMumbai
_aMagna Publishers
300 _aix, 229
650 _aproperty,legal,framework
942 _cAA
999 _c187226
_d187226